| 000 | 00545nam a2200205Ia 4500 | ||
|---|---|---|---|
| 005 | 20231213102411.0 | ||
| 008 | 140110s9999 xx 000 0 und d | ||
| 020 |
_a9788126910250 _cRs 250 |
||
| 040 | _aLoreto College | ||
| 041 | _aEnglish | ||
| 082 |
_a302.23 _bELA |
||
| 100 | _aElahi, Raza | ||
| 245 |
_aHow to becomea good journalist _cRaza Elahi |
||
| 260 |
_aNew Delhi _bAtlantic Publishers and Distributors (P) Ltd _c2009 |
||
| 300 | _avi,69p | ||
| 650 | _aJournalism | ||
| 651 | _aMedia Studies | ||
| 850 | _aLCLIB | ||
| 942 | _cBK | ||
| 999 |
_c33130 _d83609 |
||